000 00679cam a22002293a 4500
001 2842
003 PGUSA
005 20140828083022.0
008 060328s2006||||xxu|||||s|||||000 1 eng d
040 _aPGUSA
_beng
042 _adc
050 4 _aPR
100 1 _aHaggard, H. Rider
_q(Henry Rider),
_d1856-1925
245 1 0 _aBlack Heart and White Heart :
_bA Zulu Idyll
_h[electronic resource] /
_cH. Rider Haggard
260 _bProject Gutenberg,
_c2006
506 _aPublic domain in the USA.
516 _aElectronic text
653 _aZulu (African people) -- Fiction
830 0 _aProject Gutenberg
_v2842
856 4 0 _uhttp://www.gutenberg.org/ebooks/2842
942 _cEB
999 _c232174
_d232174